Online Catalogue and eLibrary

Kalai nutpangal (Record no. 4035)

MARC details
000 -LEADER
fixed length control field 00367nam a2200145Ia 4500
005 - DATE AND TIME OF LATEST TRANSACTION
control field 20250405112808.0
008 - FIXED-LENGTH DATA ELEMENTS--GENERAL INFORMATION
fixed length control field 240331s9999 xx 000 0 und d
082 ## - DDC Classification
Item Number - Author Mark SUB
Class No. 894
100 ## - MAIN ENTRY--PERSONAL NAME
Personal name Subramanyam, K.N
245 #0 - TITLE STATEMENT
Title Kalai nutpangal
260 ## - PUBLICATION, DISTRIBUTION, ETC.
Place of publication, distribution, etc. Madras
Name of publisher, distributor, etc. Vel Publication
Date of publication, distribution, etc. 1988
300 ## - PHYSICAL DESCRIPTION
Extent (e.g. Volumes, Pages etc.) Xiv, 192 p .,
500 ## - GENERAL NOTE
General note A Collection of essays in tamil
942 ## - Koha item type (Biblio)
Koha item type Books in Stacks (Lending)
Holdings
Lost status Damaged status Collection code Home library Current library Shelving location Date acquired Full call number Accession Number Item type
    Lending WERC Library WERC Library Social Science Cupboard 03/31/2024 894.811 SUB 1527 Books in Stacks (Lending)

© WERC Library